Derecho penal del medio ambiente

Detalles Bibliográficos
Autor principal: Matus Acuą, Jean Pierre
Formato: eBook
Lenguaje:español
Publicado: Santiago de Chile : Editorial jurd̕ica de Chile, 2004
Materias:
Acceso en línea:Acceso restringido

MARC

LEADER 00000nam a22000007a 4500
005 20120613154040.0
007 cr|||| ||||
008 120613s2004 cl |||||s|||| 00||0 spa d
020 |a 956-10-1554-4 
035 |a 6166 
040 |a vLex 
090 |c 3168  |d 3168 
100 1 |a Matus Acuą, Jean Pierre  
245 1 0 |a Derecho penal del medio ambiente  |h [Recurso electrn̤ico] /  |c Jean Pierre Matus Acuą 
256 |a Servicio en ln̕ea 
260 |a Santiago de Chile :  |b Editorial jurd̕ica de Chile,  |c 2004 
300 |a 1 recurso electrn̤ico 
506 1 |a Contenido solo disponible en los productos indicados  |d vLex Global   |d vLex Global (Academic Edition, excluding Law Schools)   |d vLex Global (U.S. Academic Edition, Law Schools)   |d vLex Global (U.S. Academic Edition, excluding Law Schools)   |d vLex Global (Academic Edition, Law Schools)  
650 0 4 |a Derecho penal  |z Chile 
650 0 4 |a Medio ambiente  |z Chile 
740 0 |a vLex Libros (Servicio en ln̕ea) 
856 4 0 |u http://vlex.com/source/6166  |z Acceso restringido 
942 |c BOOK 
999 0 |a Criminal law 
999 0 |a Environnement